[Event "15th ETC"]
[Site "Gothenburg SWE"]
[Date "2005.08.04"]
[Round "6"]
[White "Sakalauskas,V"]
[Black "Solak,D"]
[Result "1/2-1/2"]
[WhiteElo "2473"]
[BlackElo "2557"]
[EventDate "2005.07.30"]

1. d4 d5 2. c4 c6 3. Nc3 Nf6 4. e3 a6 5. Nf3 b5 6. c5 Nbd7 7. b4 a5 8. bxa5
Qxa5 9. Bd2 b4 10. Nb1 Ne4 11. Qb3 Nxd2 12. Nbxd2 e5 13. Qc2 Be7 14. Nb3
Qc7 15. Be2 e4 16. Nfd2 O-O 17. O-O f5 18. f4 g5 19. g3 Kh8 20. Rf2 Rg8 21.
Nf1 Nf6 22. Rg2 h5 23. Rb1 Be6 24. Nc1 gxf4 25. exf4 Rgb8 1/2-1/2

[Event "15th ETC"]
[Site "Gothenburg SWE"]
[Date "2005.08.04"]
[Round "6"]
[White "Ivanisevic,I"]
[Black "Kveinys,A"]
[Result "1/2-1/2"]
[WhiteElo "2577"]
[BlackElo "2510"]
[EventDate "2005.07.30"]

1. d4 d5 2. c4 e6 3. Nc3 Nf6 4. Bg5 Nbd7 5. e3 Be7 6. Nf3 O-O 7. Qc2 c5 8.
cxd5 Nxd5 9. Bxe7 Qxe7 10. Nxd5 exd5 11. Bd3 g6 12. dxc5 Nxc5 13. O-O Bg4
14. Nd4 Rfc8 15. Qd2 Ne4 16. Qa5 Qc5 17. Qxc5 Nxc5 18. Be2 Bxe2 19. Nxe2
Ne6 20. Rac1 Rc4 21. b3 Rc6 22. Rfd1 Rac8 23. Rxc6 bxc6 24. f3 Kf8 25. Nd4
Ke7 26. Kf2 a5 27. e4 dxe4 28. fxe4 Nxd4 29. Rxd4 Rb8 30. Ke3 Rb5 31. Rc4
Kd6 32. g3 f6 33. Rd4+ Ke7 34. Rc4 Kd6 35. Rd4+ 1/2-1/2

[Event "15th ETC"]
[Site "Gothenburg SWE"]
[Date "2005.08.04"]
[Round "6"]
[White "Damljanovic,B"]
[Black "Rozentalis,E"]
[Result "1/2-1/2"]
[WhiteElo "2612"]
[BlackElo "2567"]
[EventDate "2005.07.30"]

1. Nf3 Nf6 2. c4 e6 3. g3 b6 4. Bg2 Bb7 5. O-O Be7 6. Nc3 O-O 7. Re1 d5 8.
cxd5 exd5 9. d4 Nbd7 10. Bf4 Ne4 11. Nd2 Nxd2 12. Qxd2 Nf6 13. Rac1 Qd7 14.
Bxc7 Qxc7 15. Nxd5 Qd6 16. Nxf6+ Bxf6 17. Bxb7 Rab8 18. Bf3 Qxd4 19. Qxd4
Bxd4 20. Rc7 Bxb2 21. Rxa7 Rfd8 22. e3 Kf8 23. Rb1 Bf6 24. a4 Be7 25. Rb5
Rbc8 26. Bd5 Rd6 27. Rb7 Rc5 28. Rxc5 bxc5 29. Bc4 Rd1+ 30. Kg2 Rc1 31.
Rb8+ Bd8 32. Rxd8+ Ke7 33. Rg8 Rxc4 34. Rxg7 Rxa4 35. Rxh7 c4 36. Rh4 Kd6
37. Rf4 Kc5 38. Rxf7 c3 39. Rc7+ Kb4 40. h4 Kb3 41. h5 c2 42. h6 Ra6 43. f4
Rxh6 44. e4 Rh7 45. Rc5 Rd7 46. e5 Rd3 47. e6 Re3 48. f5 Re5 49. Rxc2 Kxc2
50. g4 Kd3 51. Kf3 Kd4 52. Kf4 Re4+ 53. Kg5 Kd5 54. Kf6 Rxg4 55. e7 Re4 56.
Kf7 Kd6 57. e8=Q Rxe8 58. Kxe8 Ke5 59. f6 Kxf6 1/2-1/2

[Event "15th ETC"]
[Site "Gothenburg SWE"]
[Date "2005.08.04"]
[Round "6"]
[White "Wells,P"]
[Black "Tikkanen,H"]
[Result "1/2-1/2"]
[WhiteElo "2529"]
[BlackElo "2316"]
[EventDate "2005.07.30"]

1. d4 g6 2. e4 Bg7 3. Nf3 d6 4. Be2 Nf6 5. Nc3 O-O 6. O-O e6 7. h3 Nc6 8.
Be3 h6 9. Qd2 Kh7 10. Rad1 Ne7 11. Qc1 b6 12. e5 Nfd5 13. Nxd5 Nxd5 14. Bd2
f5 15. Rfe1 Bb7 16. c4 Ne7 17. exd6 cxd6 18. Bc3 Ng8 19. d5 e5 20. b4 Rc8
21. Qa1 Nf6 22. a4 Ne4 23. Bb2 a5 24. Qa3 1/2-1/2

[Event "15th ETC"]
[Site "Gothenburg SWE"]
[Date "2005.08.04"]
[Round "6"]
[White "Olsson,L"]
[Black "Pert,N"]
[Result "0-1"]
[WhiteElo "2352"]
[BlackElo "2493"]
[EventDate "2005.07.30"]

1. d4 d5 2. c4 c6 3. Nf3 Nf6 4. Nc3 dxc4 5. e4 b5 6. e5 Nd5 7. a4 e6 8.
axb5 Nxc3 9. bxc3 cxb5 10. Ng5 Bb7 11. Qh5 g6 12. Qg4 Be7 13. h4 h6 14. Ne4
Qd5 15. f3 a5 16. h5 g5 17. Be2 Nd7 18. O-O b4 19. Bd1 b3 20. Ba3 Bxa3 21.
Rxa3 f5 22. exf6 O-O 23. Re1 Nxf6 24. Nxf6+ Rxf6 25. Re5 Qd6 26. Raxa5 Rxa5
27. Rxa5 Bd5 28. Rb5 Rf8 29. f4 Qxf4 30. Qe2 Kg7 31. Qe1 Qe4 32. Qg3 Rf4
33. Rb6 Qf5 34. Qe1 Re4 35. Qg3 Qf4 36. Qf2 Qc1 37. Qf1 Qe3+ 38. Qf2 Qe1+
39. Qf1 Qxc3 0-1

[Event "15th ETC"]
[Site "Gothenburg SWE"]
[Date "2005.08.04"]
[Round "6"]
[White "Kizov,A"]
[Black "Mihalcisin,A"]
[Result "1/2-1/2"]
[WhiteElo "2418"]
[BlackElo "2526"]
[EventDate "2005.07.30"]

1. d4 d5 2. c4 dxc4 3. Nf3 c5 4. e4 cxd4 5. Qxd4 Qxd4 6. Nxd4 Bd7 7. Bxc4
a6 8. Be3 e6 9. f3 Nc6 10. Nxc6 Bxc6 11. Nd2 Nf6 12. Kf2 Bd6 13. Be2 O-O
14. Rac1 Rfd8 15. Nc4 Bc7 16. Bb6 Rac8 17. Bxc7 Rxc7 18. Rhd1 Rxd1 19. Rxd1
Kf8 20. Ne5 Be8 21. Ke3 Ke7 1/2-1/2

[Event "15th ETC"]
[Site "Gothenburg SWE"]
[Date "2005.08.04"]
[Round "6"]
[White "Borisek,J"]
[Black "Stamenkov,V"]
[Result "0-1"]
[WhiteElo "2509"]
[BlackElo "2391"]
[EventDate "2005.07.30"]

1. e4 c5 2. Nf3 Nc6 3. d4 cxd4 4. Nxd4 e5 5. Nb5 d6 6. c4 Be7 7. b3 a6 8.
N5c3 Nf6 9. Bd3 O-O 10. O-O Be6 11. Na3 Nd4 12. Nc2 Nxc2 13. Bxc2 Rc8 14.
a4 Nd7 15. Be3 Nb8 16. Qd2 Nc6 17. Rad1 Qa5 18. Kh1 Rfe8 19. f3 Nd4 20.
Bxd4 exd4 21. Nb1 Qxd2 22. Nxd2 d5 23. exd5 Bxd5 24. Bf5 Be6 25. Bxe6 fxe6
26. Ne4 e5 27. Rc1 Bb4 28. Kg1 a5 29. Kf2 Re6 30. Ke2 Rh6 31. h3 Rg6 32.
Rf2 Be7 33. Kd3 b6 34. Re2 h5 35. Rd1 Rf8 36. Kd2 Bh4 37. Rf1 Rf5 38. Kd3
Bg5 39. Rb1 Be7 40. Rf1 Bg5 41. c5 Be7 42. cxb6 Rxb6 43. Rb1 Rc6 44. Rc2
Rxc2 45. Kxc2 Rf8 46. Nd2 Bb4 47. Ne4 Rc8+ 48. Kd3 h4 49. Rf1 g5 50. Rg1
Kf8 51. g3 hxg3 52. Rxg3 Be7 53. Rg2 Rc1 54. Nd2 Kf7 55. Nc4 Rc3+ 56. Ke4
Ke6 57. h4 gxh4 58. f4 exf4 59. Kxf4 Rxb3 60. Nd2 Rb2 61. Re2+ Kf7 62. Rf2
Bb4 63. Ne4 Rxf2+ 64. Nxf2 Be1 65. Nd3 Bg3+ 66. Kf3 Ke6 67. Nc5+ 0-1

[Event "15th ETC"]
[Site "Gothenburg SWE"]
[Date "2005.08.04"]
[Round "6"]
[White "Zelcic,R"]
[Black "Thorfinnsson,Br"]
[Result "1-0"]
[WhiteElo "2522"]
[BlackElo "2448"]
[EventDate "2005.07.30"]

1. e4 c5 2. Nf3 d6 3. d4 cxd4 4. Nxd4 Nf6 5. Nc3 g6 6. Bc4 Bg7 7. O-O O-O
8. Re1 Nc6 9. h3 Bd7 10. Bg5 Qa5 11. Nd5 Qc5 12. Nxc6 bxc6 13. Bxf6 exf6
14. Ne3 Rab8 15. Qd3 Rfd8 16. Rad1 Be6 17. b3 Bh6 18. Bxe6 fxe6 19. c4 a5
20. Nc2 Qb6 21. Qg3 Qc5 22. Rd3 Qe5 23. Nd4 Rbc8 24. Qh4 Kg7 25. f4 Qc5 26.
Qf2 Re8 27. e5 fxe5 28. Rxe5 Qa3 29. Nxe6+ Kf7 30. f5 Kg8 31. fxg6 hxg6 32.
Rg3 1-0

[Event "15th ETC"]
[Site "Gothenburg SWE"]
[Date "2005.08.04"]
[Round "6"]
[White "Kozul,Z"]
[Black "Stefansson,H"]
[Result "1/2-1/2"]
[WhiteElo "2585"]
[BlackElo "2579"]
[EventDate "2005.07.30"]

1. Nf3 Nf6 2. g3 d5 3. Bg2 g6 4. c4 c6 5. b3 Bg7 6. Bb2 O-O 7. O-O Bg4 8.
d3 Nbd7 9. Nbd2 Re8 10. Ne5 Nxe5 11. Bxe5 Qd7 12. Re1 Nh5 13. Bxg7 Kxg7 14.
b4 Nf6 15. Qc2 e5 16. Qb2 Bh3 17. Bh1 Rad8 18. Rab1 d4 19. b5 c5 20. Qa3 b6
21. Bc6 Qc7 22. Bxe8 Rxe8 23. f3 h5 24. Qc1 Rh8 25. Ne4 Nxe4 26. dxe4 Be6
27. Rb2 a5 28. Rd1 Qe7 29. Rc2 Rc8 30. h4 f6 31. e3 Bf7 32. Qa3 Qd7 33. Kh2
Rc7 34. Qc1 Qe7 35. a4 Be6 36. Kg1 Rc8 37. Qa3 Qc7 38. Kf2 Kf7 39. Rdc1 Rd8
40. exd4 Rxd4 41. Qe3 Kg7 42. Rd2 Bxc4 43. Qc3 Rxd2+ 44. Qxd2 Bb3 45. Qb2
Qf7 46. Qa1 Qd7 47. Qc3 Bxa4 48. Rb1 Bxb5 49. Ke1 a4 50. Qd2 Qc6 51. Qb2
Bc4 52. Qxb6 Qxb6 53. Rxb6 f5 54. Rb7+ Kf6 55. Ra7 fxe4 56. Rxa4 Bb5 57.
Rxe4 Bc6 58. Re3 Bd5 59. Kf2 c4 60. Ra3 Be6 61. Ra6 Kf7 62. Ke3 Bf5 63. Rc6
Bd3 64. Rd6 Bf5 65. Rc6 Bd3 66. Kd2 Ke7 67. Kc3 Kf7 68. Kd2 Ke7 69. Ke3 Kf7
70. Ra6 Ke7 71. Rb6 Kf7 72. f4 exf4+ 73. gxf4 Ke7 74. Kd4 Kd7 75. Rb5 Ke6
76. Re5+ Kf6 77. Rg5 Ke6 78. Ra5 Kf6 79. Re5 Kf7 80. Rc5 Kf6 81. Re5
1/2-1/2

[Event "15th ETC"]
[Site "Gothenburg SWE"]
[Date "2005.08.04"]
[Round "6"]
[White "Gunnarsson,Arn"]
[Black "Dizdar,G"]
[Result "1/2-1/2"]
[WhiteElo "2438"]
[BlackElo "2518"]
[EventDate "2005.07.30"]

1. c4 e6 2. Nc3 d5 3. e3 Nf6 4. Nf3 Be7 5. b3 O-O 6. Be2 c5 7. cxd5 exd5 8.
d4 cxd4 9. Nxd4 Bb4 10. Bd2 Nc6 11. O-O Nxd4 12. exd4 Bf5 13. Ne4 dxe4 14.
Bxb4 Re8 15. Rc1 Nd5 16. Bd2 Qf6 17. Be3 Rad8 18. Qd2 Qg6 19. Kh1 Bg4 20.
Bb5 Bd7 21. Bc4 Bc6 22. b4 a6 23. Rfe1 h6 24. Qb2 Qf5 25. Bxa6 Nf4 26. Bxf4
Qxf4 27. Bc4 Rd6 28. b5 Bd7 29. a4 b6 30. d5 Re5 31. Re3 Bg4 32. Rg3 Bc8
33. Bb3 Bb7 34. Rd1 g5 35. Rc3 Qf6 36. Rc2 Qe7 37. Rcd2 f5 38. Qc1 e3 39.
fxe3 Rxe3 40. Rc2 Rxb3 41. Rc7 Rd7 42. d6 Qe4 43. Rxb7 Rxb7 44. d7 Rxd7 45.
Qc8+ Kg7 46. Qxd7+ Kg6 47. Qd8 Rb2 48. Rg1 Kh5 49. Qd1+ g4 50. Qd7 Rxg2 51.
Rxg2 Qe1+ 1/2-1/2

[Event "15th ETC"]
[Site "Gothenburg SWE"]
[Date "2005.08.04"]
[Round "6"]
[White "Sepp,O"]
[Black "Lehner,O"]
[Result "1-0"]
[WhiteElo "2462"]
[BlackElo "2428"]
[EventDate "2005.07.30"]

1. e4 c5 2. Nf3 d6 3. d4 cxd4 4. Nxd4 Nf6 5. Nc3 a6 6. Be2 e5 7. Nb3 Be7 8.
Bg5 Nbd7 9. a4 b6 10. Bc4 Bb7 11. Qd3 O-O 12. Bxf6 Nxf6 13. Nd5 Nxd5 14.
Bxd5 Qc8 15. c4 Ra7 16. O-O Bxd5 17. Qxd5 a5 18. Nd2 Rc7 19. b3 g6 20. Nb1
Kh8 21. Nc3 f5 22. Rad1 Rc5 23. Qd3 Qe6 24. Nd5 Bd8 25. f4 Rc8 26. Rde1 Bc7
27. Qh3 Bb8 28. Kh1 Rce8 29. exf5 gxf5 30. Rf3 Rf7 31. Ref1 e4 32. Rg3 Bc7
33. Rd1 Bd8 34. Qh5 Rg8 35. Rxg8+ Kxg8 36. Ne3 Qf6 37. h3 Rf8 38. Kh2 Qg6
39. Qe2 h5 40. Qd2 h4 41. Qd5+ Kh8 42. Kh1 Bc7 43. Qc6 Rf7 44. Qe8+ Kg7 45.
Nd5 Qg3 46. Ne7 Kf6 47. Ng8+ Kg7 48. Ne7 Kf6 49. Ng8+ Kg7 50. Nh6 Rf6 51.
Qe7+ Kg6 52. Ng8 Rf7 53. Qe6+ Kg7 54. Nh6 Qg6 55. Qxg6+ Kxg6 56. Nxf7 Kxf7
57. g3 hxg3 58. Kg2 1-0

[Event "15th ETC"]
[Site "Gothenburg SWE"]
[Date "2005.08.04"]
[Round "6"]
[White "Pilaj,H"]
[Black "Kanep,M"]
[Result "1/2-1/2"]
[WhiteElo "2425"]
[BlackElo "2491"]
[EventDate "2005.07.30"]

1. d4 d5 2. Nf3 Nf6 3. c4 c6 4. Nc3 a6 5. e3 e6 6. a3 Nbd7 7. Bd3 dxc4 8.
Bxc4 b5 9. Be2 c5 10. dxc5 Bxc5 11. b4 Be7 1/2-1/2

[Event "15th ETC"]
[Site "Gothenburg SWE"]
[Date "2005.08.04"]
[Round "6"]
[White "Kulaots,K"]
[Black "Neubauer,M"]
[Result "1/2-1/2"]
[WhiteElo "2570"]
[BlackElo "2468"]
[EventDate "2005.07.30"]

1. e4 e6 2. d4 d5 3. Nc3 Nf6 4. Bg5 dxe4 5. Nxe4 Nbd7 6. Nf3 h6 7. Nxf6+
Nxf6 8. Be3 Nd5 9. Qd2 Bd6 10. Bd3 Bd7 11. O-O-O Qe7 12. Kb1 O-O-O 13. c4
Nxe3 14. Qxe3 c5 15. Be4 Kb8 16. Qb3 Bc8 17. dxc5 Bxc5 18. Ne5 Ka8 19. f4
Rd4 20. Rxd4 Bxd4 21. Rd1 Rd8 22. Rd3 f6 23. Nf3 Bb6 24. Qc3 Rxd3 25. Bxd3
g5 26. fxg5 hxg5 27. h3 Qd6 28. c5 Qxc5 29. Qxf6 Qe3 30. Qc3 Kb8 31. Qe5+
Qxe5 32. Nxe5 Bd4 33. Nf3 Bf6 34. Kc2 Kc7 35. Kd2 b6 1/2-1/2

[Event "15th ETC"]
[Site "Gothenburg SWE"]
[Date "2005.08.04"]
[Round "6"]
[White "Danner,G"]
[Black "Seeman,T"]
[Result "1/2-1/2"]
[WhiteElo "2408"]
[BlackElo "2405"]
[EventDate "2005.07.30"]

1. d4 Nf6 2. Nf3 g6 3. c4 Bg7 4. Nc3 O-O 5. e4 d6 6. Be2 e5 7. d5 a5 8. O-O
Na6 9. Qc2 Bd7 10. Re1 Nh5 11. Bg5 Qe8 12. Nd2 Nf4 13. Bf1 h6 14. Bxf4 exf4
15. Rad1 Qe7 16. Nb3 b6 17. Nd4 Rae8 18. a3 h5 19. Ncb5 Bxd4 20. Nxd4 a4
21. Qc3 Nc5 22. Bd3 Bg4 23. f3 Bd7 24. Bc2 Qe5 25. Ne2 Qxc3 26. Nxc3 Kg7
27. g3 fxg3 28. hxg3 h4 29. Kg2 hxg3 30. Kxg3 Rh8 31. Rh1 g5 32. Kf2 Kf6
33. Ke3 Rh4 34. Ne2 Reh8 35. Rxh4 Rxh4 36. Rg1 Rh2 37. Nd4 Bc8 38. Rc1 Ba6
39. b4 axb3 40. Bxb3 Rb2 41. Rc3 Bc8 42. Bc2 Bd7 43. f4 Ra2 44. fxg5+ Kxg5
45. Nf3+ Kf6 46. Kd4 Bg4 47. e5+ Ke7 48. exd6+ Kxd6 49. Ne5 Bh5 50. Rh3 f6
51. Nc6 Rxc2 52. Rxh5 Rd2+ 53. Ke3 Rd3+ 54. Kf4 Rxa3 55. Nd4 Nd3+ 56. Kf5
Kc5 57. Nb5 Ra4 58. Kxf6 Kxc4 1/2-1/2

[Event "15th ETC"]
[Site "Gothenburg SWE"]
[Date "2005.08.04"]
[Round "6"]
[White "Hector,J"]
[Black "Docx,S"]
[Result "0-1"]
[WhiteElo "2534"]
[BlackElo "2310"]
[EventDate "2005.07.30"]

1. e4 e5 2. Nc3 Nf6 3. f4 d5 4. fxe5 Nxe4 5. Nf3 Be7 6. Qe2 Nxc3 7. dxc3 c5
8. Qf2 Qb6 9. Be2 Bf5 10. O-O Bxc2 11. b4 Nc6 12. Be3 O-O 13. bxc5 Qc7 14.
Bd4 Nd8 15. c4 Be4 16. Be3 Ne6 17. cxd5 Bxd5 18. Rac1 Bxa2 19. Bd3 Bd5 20.
Nh4 Qxe5 21. Nf5 Bf6 22. Rce1 Qc3 23. Nh6+ gxh6 24. Qf5 Rfd8 25. Qxh7+ Kf8
26. Bg6 fxg6 27. Bxh6+ Ke8 28. Qxg6+ Kd7 29. Qf7+ Be7 30. Re3 Qd4 31. Bg5
Re8 32. Rf5 Rad8 33. h4 Kc8 34. Rxd5 Qxd5 35. Bxe7 Nc7 36. Qg7 Qd4 37. Qg5
Rxe7 0-1

[Event "15th ETC"]
[Site "Gothenburg SWE"]
[Date "2005.08.04"]
[Round "6"]
[White "Dutreeuw,M"]
[Black "Hellsten,J"]
[Result "0-1"]
[WhiteElo "2361"]
[BlackElo "2582"]
[EventDate "2005.07.30"]

1. e4 c5 2. Nf3 e6 3. d4 cxd4 4. Nxd4 a6 5. Nc3 Qc7 6. Bd3 Bc5 7. Nb3 Be7
8. f4 d6 9. Qg4 g6 10. O-O Nf6 11. Qe2 Nbd7 12. Bd2 b6 13. Rae1 Bb7 14. Nd4
e5 15. fxe5 dxe5 16. Nb3 O-O 17. Rf3 b5 18. Bh6 Rfe8 19. Ref1 Rac8 20. Kh1
Qd8 21. Bc1 Bf8 22. Bg5 Bg7 23. Qf2 b4 24. Na4 Bxe4 25. Bxf6 Nxf6 26. Rxf6
Bxd3 27. cxd3 Qxf6 28. Qxf6 Bxf6 29. Rxf6 Rc2 30. h3 e4 31. dxe4 Rxe4 32.
Rf1 f5 33. Rd1 f4 34. Nd4 Rc7 35. Nf3 Re2 36. h4 Kg7 37. Rf1 Kf6 38. Ng1
Re4 39. Kh2 h6 40. Kh3 g5 41. hxg5+ hxg5 42. Kg4 Rc2 43. g3 Re3 44. Rf3 Rg2
45. Rxe3 fxe3 46. Nf3 Rc2 47. b3 e2 48. Nb6 Rd2 49. Kh3 Rd3 50. Ne1 Rd1 51.
Nf3 Kf5 52. g4+ Kf4 53. Kg2 e1=Q 54. Nxe1 Rxe1 55. Nd5+ Kxg4 56. Nxb4 0-1

[Event "15th ETC"]
[Site "Gothenburg SWE"]
[Date "2005.08.04"]
[Round "6"]
[White "Claesen,P"]
[Black "Hillarp Persson,T"]
[Result "1/2-1/2"]
[WhiteElo "2384"]
[BlackElo "2511"]
[EventDate "2005.07.30"]

1. c4 Nf6 2. Nc3 e6 3. e4 Nc6 4. Nf3 e5 5. d4 exd4 6. Nxd4 Bc5 7. Be3 Nxd4
8. Bxd4 Qe7 9. Be2 d6 10. Bxc5 dxc5 11. Qd3 O-O 12. Rd1 Be6 13. O-O Rad8
14. Qe3 Nd7 15. f4 Nb6 16. b3 f6 17. Bf3 c6 18. h3 Bf7 19. Ne2 Rfe8 20. Ng3
Bg6 21. Rfe1 Nc8 22. Rxd8 Rxd8 23. h4 h6 24. h5 Bh7 25. Bg4 b6 26. Bf5 Qc7
27. e5 fxe5 28. Be6+ Kh8 29. f5 Nd6 30. Qxe5 Ne8 31. Qxc7 Nxc7 32. Bf7 Rd7
33. Be8 Nxe8 34. Rxe8+ Bg8 35. Ne4 Kh7 36. g4 Bf7 37. Ra8 Rd4 38. Nf2 Rd7
39. Ne4 Rd4 40. Nf2 Rd7 41. Ne4 Rd4 1/2-1/2

[Event "15th ETC"]
[Site "Gothenburg SWE"]
[Date "2005.08.04"]
[Round "6"]
[White "Berg,E"]
[Black "Van der Stricht,G"]
[Result "1/2-1/2"]
[WhiteElo "2539"]
[BlackElo "2400"]
[EventDate "2005.07.30"]

1. e4 c6 2. Nf3 d5 3. Nc3 Bg4 4. h3 Bxf3 5. Qxf3 e6 6. Be2 Nd7 7. O-O Ngf6
8. d4 dxe4 9. Nxe4 Nxe4 10. Qxe4 Nf6 11. Qe3 Bd6 12. c4 O-O 13. Bd2 e5 14.
Bc3 exd4 15. Qxd4 Re8 16. Bf3 Be5 17. Qxd8 Raxd8 18. Bxe5 Rxe5 19. Rfd1
Rxd1+ 20. Rxd1 Kf8 21. Rd8+ Re8 22. Rd3 Re1+ 23. Kh2 Ke8 24. Ra3 a6 25. Rb3
Re7 26. Kg3 Kd8 27. Kf4 Kc7 28. Re3 Rxe3 29. Kxe3 Kd6 30. Kd4 b6 31. a3 a5
32. g3 h6 33. Bd1 Nd7 34. f4 Nc5 35. Bg4 Nb3+ 36. Kc3 Nc5 37. Kd4 Nb3+ 38.
Kc3 Nc5 39. Bf5 Na4+ 40. Kc2 Nc5 41. Kc3 Na4+ 42. Kc2 Nc5 43. b4 axb4 44.
axb4 Na6 45. Kc3 c5 46. b5 Nc7 47. Kd3 Ne8 48. Bg4 Nf6 49. Bf3 Ke6 50. Ke3
Kd6 51. Bc6 Ke6 52. Kf3 h5 53. g4 hxg4+ 54. hxg4 g6 55. g5 Nh5 56. Bd5+ Kf5
57. Be4+ Ke6 58. Bd5+ Kf5 59. Be4+ Ke6 60. Bd3 Ng7 61. Kg4 f5+ 62. gxf6
Kxf6 63. Kf3 Nf5 64. Ke4 Ke6 65. Kf3 Kf6 66. Ke4 Ke6 67. Kf3 1/2-1/2

[Event "15th ETC"]
[Site "Gothenburg SWE"]
[Date "2005.08.04"]
[Round "6"]
[White "Upton,T"]
[Black "Del Rio Angelis,S"]
[Result "0-1"]
[WhiteElo "2250"]
[BlackElo "2470"]
[EventDate "2005.07.30"]

1. e4 c6 2. d4 d5 3. exd5 cxd5 4. Bd3 Nc6 5. c3 Qc7 6. Ne2 Bg4 7. O-O e6 8.
f3 Bh5 9. Bf4 Bd6 10. Qd2 Nge7 11. Na3 a6 12. Nc2 Bg6 13. Bxd6 Qxd6 14. Nf4
Bxd3 15. Nxd3 Ng6 16. f4 O-O 17. Ne5 Nge7 18. Rae1 Rae8 19. Re3 Nf5 20. Rh3
f6 21. Nd3 Qc7 22. Nc5 a5 23. Re1 Nd8 24. g4 Nd6 25. Qd3 f5 26. g5 b6 27.
Nb3 Nc4 28. Qf3 Qf7 29. Na3 Nxa3 30. bxa3 Nb7 31. Nd2 Nd6 32. a4 Ne4 33.
Qe2 Qc7 34. Nxe4 fxe4 35. Rf1 Rxf4 36. Rxf4 Qxf4 37. Qh5 Rf8 38. Qxh7+ Kf7
39. Qh5+ Ke7 40. Qe2 Rf5 41. Rg3 Rxg5 42. Kg2 Qc1 43. Rg4 g6 44. h4 Rxg4+
45. Qxg4 Kf6 46. Qg3 Qd2+ 47. Kh1 Kf5 48. Qh3+ Kf4 49. Qxe6 Qe1+ 50. Kg2
Qg3+ 51. Kf1 Ke3 52. Qf6 Qf3+ 53. Qxf3+ exf3 54. Ke1 f2+ 55. Kf1 Kf3 56. a3
Ke3 0-1

[Event "15th ETC"]
[Site "Gothenburg SWE"]
[Date "2005.08.04"]
[Round "6"]
[White "Perez Candelario,Man"]
[Black "Grant,J"]
[Result "1-0"]
[WhiteElo "2504"]
[BlackElo "2273"]
[EventDate "2005.07.30"]

1. e4 c6 2. d4 d5 3. e5 Bf5 4. Be3 e6 5. Nd2 Ne7 6. Ngf3 Nd7 7. Be2 h6 8.
O-O Bh7 9. Nb3 Ng6 10. Qd2 Be7 11. c4 O-O 12. Na5 Qb6 13. a3 f5 14. exf6
Nxf6 15. b4 Qc7 16. Rfe1 Rf7 17. Bd3 Ne4 18. Qc2 Nf4 19. Bxf4 Rxf4 20. Re2
Raf8 21. Nd2 Rxf2 22. Nxe4 Rxe2 23. Qxe2 dxe4 24. Bxe4 Qf4 25. Bxh7+ Kxh7
26. Rd1 Bg5 27. g3 Qf7 28. Kg2 Qd7 29. Nb3 b6 30. Re1 Re8 31. Qe4+ Kh8 32.
d5 cxd5 33. cxd5 Qa4 34. Nd4 Qxa3 35. Nc6 Qb3 36. dxe6 Be7 37. Re3 Qb2+ 38.
Re2 Qb3 39. Ne5 Qxb4 40. Nf7+ Kg8 41. Nxh6+ Kh8 42. Qg6 Qb5 43. Re5 Qc6+
44. Kh3 Bf8 45. Ng4 Kg8 46. Nf6+ 1-0

[Event "15th ETC"]
[Site "Gothenburg SWE"]
[Date "2005.08.04"]
[Round "6"]
[White "Muir,A"]
[Black "San Segundo Carrillo,P"]
[Result "0-1"]
[WhiteElo "2322"]
[BlackElo "2514"]
[EventDate "2005.07.30"]

1. d4 Nf6 2. c4 e6 3. Nc3 Bb4 4. e3 O-O 5. Bd3 c5 6. Nf3 Nc6 7. O-O Bxc3 8.
bxc3 d6 9. e4 e5 10. dxc5 dxc5 11. Qe2 Ne8 12. Ne1 Nd6 13. Nc2 b6 14. Ne3
Ba6 15. g3 Qd7 16. f4 Rad8 17. Bb2 f6 18. Rad1 Qe6 19. Bc1 exf4 20. gxf4
Nxe4 21. Nd5 f5 22. Kh1 Bb7 23. Rde1 Na5 24. Rf3 Qf7 25. Kg1 Nxc4 26. Bxc4
Bxd5 27. Bxd5 Rxd5 28. c4 Rd4 29. Rd1 Rfd8 30. Rxd4 Rxd4 31. Be3 Qxc4 0-1

[Event "15th ETC"]
[Site "Gothenburg SWE"]
[Date "2005.08.04"]
[Round "6"]
[White "Spice,A"]
[Black "Esen,B"]
[Result "1/2-1/2"]
[WhiteElo "2175"]
[BlackElo "2301"]
[EventDate "2005.07.30"]

1. Nc3 d5 2. e4 dxe4 3. Nxe4 Nd7 4. Bc4 e6 5. Nf3 Ngf6 6. d3 Be7 7. O-O O-O
8. Qe2 c6 9. a4 Qc7 10. Re1 Nxe4 11. dxe4 e5 12. Ng5 Nf6 13. h3 h6 14. Nf3
Re8 15. Nh4 Bf8 16. Qf3 Be6 17. Bxe6 Rxe6 18. Nf5 Kh7 19. Be3 a5 20. Red1
g6 21. Ng3 Rd8 22. Rxd8 Qxd8 23. Rd1 Rd6 24. Rxd6 Bxd6 25. Qd1 Bc7 26. Qc1
h5 27. Bg5 Kg7 28. Bh6+ Kg8 29. Bg5 Kg7 30. Bh6+ Kg8 31. Bg5 Kg7 1/2-1/2

[Event "15th ETC"]
[Site "Gothenburg SWE"]
[Date "2005.08.04"]
[Round "6"]
[White "James,Dav"]
[Black "Erdogdu,M"]
[Result "1/2-1/2"]
[WhiteElo "2213"]
[BlackElo "2403"]
[EventDate "2005.07.30"]

1. d4 Nf6 2. c4 g6 3. Nc3 Bg7 4. e4 d6 5. f3 O-O 6. Be3 c6 7. Qd2 a6 8. a4
a5 9. Bd3 e5 10. Nge2 Na6 11. O-O exd4 12. Bxd4 Nc5 13. Bc2 Qb6 14. Nd1 Be6
15. Qc3 Ne8 16. Bxg7 Nxg7 17. Kh1 Qb4 18. b3 Qxc3 19. Ndxc3 Rfd8 20. Rad1
Ne8 21. Rd2 Kf8 22. Nd4 Ke7 23. f4 f6 24. Re2 Bf7 25. g4 1/2-1/2

[Event "15th ETC"]
[Site "Gothenburg SWE"]
[Date "2005.08.04"]
[Round "6"]
[White "Haznedaroglu,K"]
[Black "Jones,Ri"]
[Result "1-0"]
[WhiteElo "2430"]
[BlackElo "2072"]
[EventDate "2005.07.30"]

1. e4 c5 2. Nf3 d6 3. d4 cxd4 4. Nxd4 Nf6 5. Nc3 a6 6. Bg5 e6 7. f4 Nbd7 8.
Qf3 Qc7 9. O-O-O b5 10. Bxf6 Nxf6 11. e5 Bb7 12. Qh3 dxe5 13. Ncxb5 Qc8 14.
fxe5 Ne4 15. Nd6+ Bxd6 16. exd6 Qd7 17. Qh4 Qxd6 18. Nf5 Qf8 19. Bxa6 1-0

[Event "15th ETC"]
[Site "Gothenburg SWE"]
[Date "2005.08.04"]
[Round "6"]
[White "Klerides,P"]
[Black "Wagener,Cl"]
[Result "0-1"]
[WhiteElo "2224"]
[BlackElo "2273"]
[EventDate "2005.07.30"]

1. e4 c5 2. Nf3 e6 3. d4 cxd4 4. Nxd4 Nf6 5. Nc3 d6 6. g4 h6 7. h4 Nc6 8.
Rg1 d5 9. Bb5 Bd7 10. exd5 Nxd5 11. Nxd5 exd5 12. Be3 Be7 13. Qd2 Nxd4 14.
Bxd7+ Qxd7 15. Bxd4 Qe6+ 16. Kd1 O-O 17. h5 Bf6 18. a4 Rac8 19. c3 Bxd4 20.
Qxd4 Rc4 21. Qxa7 d4 22. Ra3 Re8 23. Qxb7 Qe2+ 24. Kc1 d3 25. Rd1 Qc2+ 0-1

[Event "15th ETC"]
[Site "Gothenburg SWE"]
[Date "2005.08.04"]
[Round "6"]
[White "Berend,F"]
[Black "Kassinopoullos,D"]
[Result "1/2-1/2"]
[WhiteElo "2374"]
[BlackElo "2094"]
[EventDate "2005.07.30"]

1. e4 d5 2. exd5 Qxd5 3. Nc3 Qa5 4. d4 Nf6 5. Nf3 c6 6. Bd2 Bf5 7. Ne4 Qc7
8. Nxf6+ gxf6 9. g3 h5 10. Bg2 Na6 11. a3 Qd7 12. O-O h4 13. Nxh4 Bh3 14.
Qf3 Bxg2 15. Qxg2 Nc7 16. Rad1 O-O-O 17. Be3 Bh6 18. Rfe1 Rdg8 19. Bxh6
Rxh6 20. Nf3 Ne6 21. Re4 Ng5 22. Re3 Qg4 23. Rdd3 Nh3+ 24. Kf1 Nf4 25. Re4
Nxg2 26. Rxg4 Rxg4 27. Kxg2 1/2-1/2

[Event "15th ETC"]
[Site "Gothenburg SWE"]
[Date "2005.08.04"]
[Round "6"]
[White "Antoniou,A"]
[Black "Bakalarz,M"]
[Result "0-1"]
[WhiteElo "2198"]
[BlackElo "2423"]
[EventDate "2005.07.30"]

1. e4 e6 2. d4 d5 3. exd5 exd5 4. Bd3 Nc6 5. c3 Bd6 6. Qf3 Nce7 7. Ne2 c6
8. O-O Ng6 9. Ng3 Qh4 10. h3 N8e7 11. Re1 O-O 12. Nh5 f5 13. g3 Qxh3 14.
Nf4 Nxf4 15. Bxf4 Bxf4 16. Qxf4 Ng6 17. Qg5 f4 18. Nd2 Bf5 19. Bf1 Qg4 20.
Qxg4 Bxg4 21. f3 Bd7 22. g4 Rfe8 23. Bd3 Rxe1+ 24. Rxe1 Re8 25. Rd1 Nf8 26.
Kf2 g6 27. Nb3 b6 28. Be2 h6 29. Nc1 g5 30. Nd3 Ng6 31. Rh1 Kg7 32. Bd1 Bc8
33. Ba4 Re3 34. Nb4 Nh4 35. Bd1 Bb7 36. Re1 a5 37. Nc2 Rxe1 38. Nxe1 Ng6
39. Bc2 Nf8 40. Bf5 Ba6 41. Nc2 Kf6 42. Ke1 h5 43. Kf2 h4 44. Ne1 c5 45.
Bd3 Bxd3 46. Nxd3 cxd4 47. cxd4 Ne6 48. Ne5 Nxd4 49. Nd7+ Ke6 50. Nxb6 h3
51. Na4 h2 52. Kg2 Nxf3 53. Nc5+ Ke5 54. Nb3 d4 55. Nxa5 d3 56. b4 d2 57.
Nc4+ Kd4 58. Nb2 Kc3 59. Nd1+ Kxb4 60. Nf2 Ka3 0-1

[Event "15th ETC"]
[Site "Gothenburg SWE"]
[Date "2005.08.05"]
[Round "7"]
[White "Kempinski,R"]
[Black "Gelfand,B"]
[Result "1/2-1/2"]
[WhiteElo "2619"]
[BlackElo "2724"]
[EventDate "2005.07.30"]

1. c4 e5 2. Nc3 Nf6 3. Nf3 Nc6 4. d3 d5 5. cxd5 Nxd5 6. e3 Be7 7. Be2 O-O
8. a3 Be6 9. Qc2 a5 10. O-O f5 11. Na4 Kh8 12. Nc5 Bxc5 13. Qxc5 a4 14. e4
Nf6 15. exf5 Ra5 16. Qc2 Bxf5 17. Bd2 Rd5 18. Qxa4 Bxd3 19. Bxd3 Rxd3 20.
Be3 e4 21. Ng5 Qd5 22. Nh3 Qb3 23. Qxb3 Rxb3 24. Rab1 Nd5 25. Bc5 Rf5 26.
Rfe1 Nf6 27. Be3 Rfb5 28. Bg5 Rxb2 29. Rxb2 Rxb2 30. g3 Ne5 31. Bxf6 gxf6
32. Rxe4 c5 33. Nf4 c4 34. Nd5 Rd2 35. Nc3 Kg7 36. Re2 Rxe2 37. Nxe2 Kf7
38. f4 Nd3 39. Kg2 Ke6 40. Kf3 Kd5 41. Nc3+ Kd4 42. Ne2+ Kd5 1/2-1/2